00503nam a2200193 a 4500001001300000003000900013005001700022008004100039020002300080082001900103100002400122245003000146260004000176300000900216500003500225505001000260650001500270700002400285nice12345678IN_TiNIC20260116014754.0090325s2008 dela grp 000 0 eng  a8183150888 c50000a294.59218bCHA aChattopadhyaya, B K aTeaching of the Upanisads aDelhi bOriental Book Centre c2008 a259p aincludes index and biblioraphy2 aindex aUpanishads1 aChattopadhyaya, B K